000 00633nam a2200181Ia 4500
008 100920s9999 xx 000 0 und d
082 _b81024
_a28 व 539 थ 96
100 _aदाते हेमंत.
245 _aनिसर्ग बोलतोय भाग 2.
260 _bफुलराणी प्रकाशन,ठाणे.
_c1996
300 _a44
_bसाधी
365 _b30
520 _aबा.वि.शाआ.
630 _aनिसर्ग बोलतोय भाग 2.
650 _aबा.वि.शाआ.
730 _aनिसर्ग बोलतोय भाग 2.
942 _cBOOK
999 _c721865
_d721862